000
00274nam a2200097Ia 4500
082
_a
338.479168 BOTH
245
0
_a
Tourism entrepreneurs
100
_a
Boakye, Eric Cape Town, South Africa, [20--?]
_9
74810
942
_c
BK
008
210817s9999 xx 000 0 und d
999
_c
246951
_d
246950